| 000 | 00577nam a2200193Ia 4500 | ||
|---|---|---|---|
| 999 |
_c33685 _d33685 |
||
| 003 | OSt | ||
| 005 | 20200911104816.0 | ||
| 008 | 190216s9999||||xx |||||||||||||| ||und|| | ||
| 020 | _a9788120301245 | ||
| 040 | _coclc | ||
| 082 |
_a621.381 _bMOT/E |
||
| 100 |
_aMottershead, Allen _94536 |
||
| 245 | 0 |
_aElectronic Devices And Circuits : _bAn Introduction / _cAllen Mottershead |
|
| 250 | _a25th Ed. | ||
| 260 |
_bPrentice Hall Of India, _c2002. _aNew Delhi: |
||
| 300 | _a641p | ||
| 650 | _aPhysics | ||
| 942 |
_cBK _2ddc _h621.381 _iMOT/E _k621.381 _mMOT/E |
||